• 首页
  • 本馆介绍
  • 公告通知
  • 最新文献
  • 馆藏检索
  • 电子资源
  • 读者导购
  • 参考咨询
  • 我的图书馆
  • 登录
  • 详细信息显示
  • 放入我的书架
  • 预约/预借图书
  • 作者相关作品
  • 分类相关作品
  • 丛书相关作品
  • 出版社相关作品

书目信息

  • 表格格式
  • 工作单格式
  • 卡片格式
题名:
生命周期评价与Ⅲ型环境标志认证
    
 
作者: 陈莎 , 刘尊文 编著
分册:  
出版信息: 北京   中国质检出版社  2014.01
页数: 12,289页
开本: 26cm
丛书名: “国家重点领域认证认可推进工程”成果系列丛书
单 册:
中图分类: X820.3 , X-657
科图分类:
主题词: 工业产品--环境影响--评价 , 环境标志--认证 , 工业产品 , 环境影响 , 评价 , 环境标志 , 认证
电子资源:
ISBN: 978-7-5066-7333-4
000 01277oam2 2200373 450
001 0120131198194
005 20140610110047.31
010    @a978-7-5066-7333-4@dCNY60.00
100    @a20140126d2014 em y0chiy0110 ea
101 0  @achi
102    @aCN@b110000
105    @aak z 000yy
106    @ar
200 1  @a生命周期评价与Ⅲ型环境标志认证@9sheng ming zhou qi ping jia yu Ⅲ xing huan jing biao zhi ren zheng@f陈莎,刘尊文编著
210    @a北京@c中国质检出版社@c中国标准出版社@d2014.01
215    @a12,289页@c图@d26cm
225 2  @a“国家重点领域认证认可推进工程”成果系列丛书@i“资源节约”系列
300    @a“十一五”国家科技支撑计划重点项目
330    @a本书主要内容:绪论、生命周期评价的理论与方法、生命周期评价的局限性与发展趋势、生命周期评价的应用等。
333    @a环境与资源发展研究人员
462  0 @12001 @a“国家重点领域认证认可推进工程”成果系列丛书@i“资源节约”系列
606 0  @a工业产品@x环境影响@x评价
606 0  @a环境标志@x认证
606 0  @a工业产品
606 0  @a环境影响
606 0  @a评价
606 0  @a环境标志
606 0  @a认证
690    @aX820.3@v5
690    @aX-657@v5
701  0 @a陈莎@9chen sha@4编著
701  0 @a刘尊文@9liu zun wen@4编著
801  0 @aCN@b人天书店@c20140126
905    @b846446-48@dX820.3@e183@f3
    
    生命周期评价与Ⅲ型环境标志认证/陈莎,刘尊文编著.-北京:中国质检出版社:中国标准出版社,2014.01
    12,289页:图;26cm.-(“国家重点领域认证认可推进工程”成果系列丛书.“资源节约”系列)
    “十一五”国家科技支撑计划重点项目.-使用对象:环境与资源发展研究人员
    
    ISBN 978-7-5066-7333-4:CNY60.00
    本书主要内容:绪论、生命周期评价的理论与方法、生命周期评价的局限性与发展趋势、生命周期评价的应用等。
●
相关链接 在E读中查询图书 在五车中查询图书 在当当中查询图书 在豆瓣中查询图书


正题名:生命周期评价与Ⅲ型环境标志认证     索取号:X820.3/183         预约/预借

序号 登录号 条形码 馆藏地/架位号 状态 备注
1 846446   208464464   第二样本阅览室/ [索取号:X820.3/183] 在馆    
2 846447   208464473   第三借阅区/ [索取号:X820.3/183] 在馆    
3 846448   208464482   密集书库-资源管理系/ [索取号:X820.3/183] 在馆    
唐山师范学院图书馆 欢迎您!
大连网信软件有限公司© 版权所有